Statistiques concernant Quiz géographie drapeaux niveau difficile

Cliquez ici pour prendre le quiz!

Statistiques générales

  • Ce quiz a été pris 509 fois
  • Le résultat moyen est 12 sur 16

Statistiques - réponses

Réponse% Correct
Vatican
94%
Bhoutan
91%
Saint Marin
89%
Seychelles
88%
Barbade
87%
Turkmenistan
84%
République centrafricaine
77%
Palaos
76%
Zimbabwe
76%
Swaziland
75%
Micronésie
74%
Brunei
71%
Samoa
66%
Vanuatu
65%
Iles Marshall
64%
Sao Tome et Principe
59%

Distribution des résultats

Percentile par nombre de réponses

% des personnes avec chaque résultat

Votre développement - résultats

Vous n’avez pas pris ce quiz